000 00625nam a22002297a 4500
003 UA-OsUOA
001 48486
007 ta
008 20070906b un ||||| |||| 00| 0 ukr d
100 _aНовиченко Л.
090 _a82.09
_bН73
942 _cBK
040 _aUA-OsUOA
_bukr
_cUA-OsUOA
_dUA-OsUOA
245 _aЖиття як діяння
300 _a532 с.
955 _a3
041 _aukr
080 _a82.09
260 _aК.
_bВидавництво художньої літератури
_c1971
650 7 _a82 Література. Літературознавство
_2UDC
999 _c334602
_d334602